| 000 | 01683cad a22003375a 4500 | ||
|---|---|---|---|
| 001 | L158850 115544 | ||
| 008 | 150416s2015 xxk f 000 0 eng d | ||
| 020 | _a9781783211135 | ||
| 035 | _a(Sirsi) u158850 | ||
| 041 | 0 | _aeng | |
| 050 | 0 | 4 | _a333.332 $2 18 |
| 110 | 2 |
_aRoyal Institution of Chartered Surveyors _94900 |
|
| 245 | 0 | 0 |
_aInterim valuations and payment _h[electronic resource] |
| 260 |
_aLondon _bRICS _c2015 |
||
| 300 | _a48p. | ||
| 350 | _a20 | ||
| 490 | 0 | _aRICS Guidance Note | |
| 490 | 0 | _aRICS Black Book | |
| 520 | _aEffective from 12 November 2015. Looks at contract clauses which set out the criteria under which interim payments are made, the timing of these payments and the administrative rules under which quantity surveyors, architects, employers and contractors must operate. In many contracts, whilst the completion and calculation of the value is important, the method and procedure of the interim payment which the contractor receives is equally as important. Covers conditions of contract, payment mechanisms, retention, valuation process, and standard forms and covering letters. | ||
| 650 | 2 | 4 | _aJCT |
| 650 | 2 | 4 | _aNEC |
| 650 | 2 | 4 | _aLOCAL DEMOCRACY, ECONOMIC DEVELOPMENT AND CONSTRUCTION ACT 2009 |
| 650 | 2 | 4 | _aHOUSING GRANTS, CONSTRUCTION AND REGENERATION ACT 1996 |
| 650 | 2 | 4 | _aRICS QS AND CONSTRUCTION STANDARDS |
| 650 | 2 | 4 | _aRICS BLACK BOOK |
| 650 | 2 | 4 |
_aContracts _96232 |
| 651 | 4 | _aUnited Kingdom | |
| 690 |
_aValuation _96273 |
||
| 856 | 4 | 1 |
_uhttps://www.rics.org/uk/upholding-professional-standards/sector-standards/construction/black-book/interim-valuations-and-payment/ _zAvailable free on RICS.org |
| 942 |
_n0 _2ddc |
||
| 999 |
_c115544 _d115544 |
||